| 000 -LEADER |
| fixed length control field |
02467cam a22003738i 4500 |
| 001 - CONTROL NUMBER |
| control field |
21224846 |
| 005 - DATE AND TIME OF LATEST TRANSACTION |
| control field |
20230714163632.0 |
| 008 - FIXED-LENGTH DATA ELEMENTS--GENERAL INFORMATION |
| fixed length control field |
191002s2020 nju 001 0 eng |
| 010 ## - LIBRARY OF CONGRESS CONTROL NUMBER |
| LC control number |
2019044963 |
| 020 ## - INTERNATIONAL STANDARD BOOK NUMBER |
| International Standard Book Number |
9781119438557 |
| Qualifying information |
(cloth) |
| 020 ## - INTERNATIONAL STANDARD BOOK NUMBER |
| Canceled/invalid ISBN |
9781119645702 |
| Qualifying information |
(adobe pdf) |
| 020 ## - INTERNATIONAL STANDARD BOOK NUMBER |
| Canceled/invalid ISBN |
9781119645757 |
| Qualifying information |
(epub) |
| 040 ## - CATALOGING SOURCE |
| Original cataloging agency |
DLC |
| Language of cataloging |
eng |
| Description conventions |
rda |
| Transcribing agency |
DLC |
| 042 ## - AUTHENTICATION CODE |
| Authentication code |
pcc |
| 050 00 - LIBRARY OF CONGRESS CALL NUMBER |
| Classification number |
RC488.5 |
| Item number |
.H3346 2020 |
| 080 ## - UNIVERSAL DECIMAL CLASSIFICATION NUMBER |
| Universal Decimal Classification number |
159+616 The-44 |
| 245 04 - TITLE STATEMENT |
| Title |
The handbook of systemic family therapy : Volume 1 / |
| Statement of responsibility, etc. |
editor in chief, Karen S. Wampler. |
| 263 ## - PROJECTED PUBLICATION DATE |
| Projected publication date |
2001 |
| 264 #1 - PRODUCTION, PUBLICATION, DISTRIBUTION, MANUFACTURE, AND COPYRIGHT NOTICE |
| Place of production, publication, distribution, manufacture |
Hoboken, NJ : |
| Name of producer, publisher, distributor, manufacturer |
Wiley, |
| Date of production, publication, distribution, manufacture, or copyright notice |
[2020] |
| 300 ## - PHYSICAL DESCRIPTION |
| Extent |
volumes cm |
| 336 ## - CONTENT TYPE |
| Content type term |
text |
| Content type code |
txt |
| Source |
rdacontent |
| 337 ## - MEDIA TYPE |
| Media type term |
unmediated |
| Media type code |
n |
| Source |
rdamedia |
| 338 ## - CARRIER TYPE |
| Carrier type term |
volume |
| Carrier type code |
nc |
| Source |
rdacarrier |
| 500 ## - GENERAL NOTE |
| General note |
Includes index. |
| 520 ## - SUMMARY, ETC. |
| Summary, etc. |
"A first of its kind resource for clinicians, researchers, educators, graduate students, and policymakers, this authoritative four-volume Handbook is a ground-breaking reference work on both the profession and the practice of systemic family therapy. The Handbook integrates the scholarly literature on systemic interventions focused on children, couples, and families into a single resource. Volume 1 includes critical information on the theoretical, practice, research, and policy foundations of the profession of systemic family therapy and its roles in an integrated health care system. Topics in Volume 2 (children and adolescents), Volume 3 (couples), and Volume 4 (family over the lifespan) reflect established and emerging interventions for the core difficulties in relationships that impact the mental and physical health of individuals, couples, and families. Contributors provide a balanced, integrative, and forward-looking analysis of the research, theory and interventions related to their topic illustrated with clinical examples. Particular attention is paid to cultural and family diversity throughout the work"-- |
| Assigning source |
Provided by publisher. |
| 650 #0 - SUBJECT ADDED ENTRY--TOPICAL TERM |
| Topical term or geographic name entry element |
Family psychotherapy. |
| 9 (RLIN) |
19347 |
| 653 ## - INDEX TERM--UNCONTROLLED |
| keyword |
საოჯახო ფსიქოთერაპია |
| 653 ## - INDEX TERM--UNCONTROLLED |
| keyword |
ფსიქოლოგია, მედიცინა |
| 700 1# - ADDED ENTRY--PERSONAL NAME |
| Personal name |
Wampler, Karen S, |
| Relator term |
editor. |
| 9 (RLIN) |
19348 |
| 776 08 - ADDITIONAL PHYSICAL FORM ENTRY |
| Relationship information |
Online version: |
| Title |
The handbook of systemic family therapy. |
| Place, publisher, and date of publication |
Hoboken, NJ : Wiley, [2020] |
| International Standard Book Number |
9781119645702 |
| Record control number |
(DLC) 2019044964 |
| 906 ## - LOCAL DATA ELEMENT F, LDF (RLIN) |
| a |
7 |
| b |
cbc |
| c |
orignew |
| d |
1 |
| e |
ecip |
| f |
20 |
| g |
y-gencatlg |
| 942 ## - ADDED ENTRY ELEMENTS (KOHA) |
| Source of classification or shelving scheme |
|
| Koha item type |
წიგნი |